[Event "45th IT Bosna 2015"]
[Site "Sarajevo"]
[Date "2015.06.03"]
[Round "7.16"]
[White "Mrndjic, Muamer"]
[Black "Rasidovic, Sead"]
[Result "1-0"]
[WhiteElo "2263"]
[BlackElo "2341"]
[PlyCount "95"]
[EventDate "2015.05.30"]

1. d4 Nf6 2. c4 g6 3. Nc3 Bg7 4. e4 d6 5. h3 O-O 6. Nf3 e5 7. dxe5 dxe5 8. Qxd8
Rxd8 9. Bg5 c6 10. Nxe5 Re8 11. O-O-O Na6 12. Nf3 Nc5 13. Nd2 Nfd7 14. f3 Bxc3
15. bxc3 f6 16. Bh4 Kf7 17. Nb3 Ne6 18. Bf2 c5 19. Bg3 b6 20. Be2 Nef8 21. Rhe1
Bb7 22. Nd2 Rad8 23. Nf1 Ne5 24. Ne3 Rxd1+ 25. Rxd1 Ba6 26. Rd6 Ned7 27. Bd1
Re6 28. Rd2 Ne5 29. Bxe5 fxe5 30. Ba4 h5 31. Rd8 Kg7 32. Ra8 Re7 33. Nd5 Rf7
34. Be8 Rb7 35. Bc6 Rf7 36. Bb5 Bb7 37. Re8 Bxd5 38. cxd5 Kf6 39. f4 exf4 40.
e5+ Kg7 41. e6 Nxe6 42. Rxe6 Rf6 43. Rxf6 Kxf6 44. h4 g5 45. hxg5+ Kxg5 46. Kd2
f3 47. gxf3 h4 48. Bf1 1-0

[Event "45th IT Bosna 2015"]
[Site "Sarajevo"]
[Date "2015.06.03"]
[Round "7.17"]
[White "Marjanovic, Dejan"]
[Black "Sinanovic, Ermin"]
[Result "1-0"]
[WhiteElo "2340"]
[BlackElo "1930"]
[PlyCount "117"]
[EventDate "2015.05.30"]

1. d4 Nf6 2. Bf4 c5 3. dxc5 Nc6 4. Nf3 Qa5+ 5. Nc3 Ne4 6. Qd3 Nxc5 7. Qb5 Qxb5
8. Nxb5 Ne6 9. Bd2 d6 10. O-O-O Rb8 11. g3 g6 12. Bc3 Bg7 13. Bxg7 Nxg7 14.
Nc7+ Kf8 15. Bg2 Ne8 16. Nd5 e6 17. Nc3 d5 18. e4 dxe4 19. Nxe4 Ke7 20. Rhe1
Nf6 21. Nxf6 Kxf6 22. Nd2 Ke7 23. Bxc6 bxc6 24. Nc4 f6 25. Re3 Rb5 26. Ra3 Rb7
27. Na5 Rc7 28. Rc3 Bd7 29. Rc5 Rb8 30. c4 h5 31. h4 Be8 32. Kc2 Rd8 33. Rxd8
Kxd8 34. Kc3 Ke7 35. b4 Kd6 36. Nb3 e5 37. Ra5 g5 38. Ra6 gxh4 39. gxh4 Ke6 40.
b5 Kf5 41. Kb4 Kg4 42. a4 Kxh4 43. c5 cxb5 44. axb5 Kg5 45. b6 axb6 46. cxb6
Rb7 47. Na5 Rb8 48. b7 h4 49. Ra8 Rxb7+ 50. Nxb7 Bc6 51. Rg8+ Kf4 52. Nd8 Be4
53. Rh8 Kg4 54. Kc3 Bd5 55. Kd2 h3 56. Ke3 f5 57. Rh7 f4+ 58. Ke2 Bc4+ 59. Ke1
1-0

[Event "45th IT Bosna 2015"]
[Site "Sarajevo"]
[Date "2015.06.03"]
[Round "7.18"]
[White "Szostko, Jakub"]
[Black "Heberla, Bartlomiej"]
[Result "0-1"]
[WhiteElo "2153"]
[BlackElo "2556"]
[PlyCount "82"]
[EventDate "2015.05.30"]

1. e4 Nc6 2. Nf3 d6 3. d4 Nf6 4. Nc3 g6 5. d5 Nb8 6. h3 Bg7 7. Be2 O-O 8. O-O
e5 9. Bg5 Nbd7 10. Nd2 h6 11. Be3 Ne8 12. f3 h5 13. g4 Bf6 14. Nc4 Bg5 15. Qd2
Bxe3+ 16. Qxe3 Qh4 17. Kg2 Ndf6 18. Qf2 Qxf2+ 19. Rxf2 Bd7 20. a4 Kg7 21. a5 a6
22. b4 hxg4 23. fxg4 Ng8 24. Ne3 Ne7 25. Bd3 g5 26. Nf5+ Bxf5 27. gxf5 Nf6 28.
Be2 Rh8 29. Rg1 Rh4 30. Kf1 Kh6 31. Bg4 c6 32. dxc6 Nxc6 33. Rd2 Nd4 34. Rd3
Rc8 35. Rg2 Rc4 36. Ne2 Nxc2 37. Rxd6 Kg7 38. Rd3 Rxe4 39. Nc3 Re3 40. Be2 Rxd3
41. Bxd3 Ne3+ 0-1

[Event "45th IT Bosna 2015"]
[Site "Sarajevo"]
[Date "2015.06.03"]
[Round "7.19"]
[White "Terzic, Ilijas"]
[Black "Drazic, Sinisa"]
[Result "0-1"]
[WhiteElo "2166"]
[BlackElo "2439"]
[PlyCount "27"]
[EventDate "2015.05.30"]

1. d4 d6 2. Nf3 g6 3. e4 Bg7 4. Bc4 a6 5. a4 Nf6 6. Qe2 O-O 7. e5 dxe5 8. dxe5
Nd5 9. h3 c6 10. O-O Qc7 11. Re1 a5 12. Nc3 Nxc3 13. bxc3 b6 14. Bd3 0-1

[Event "45th IT Bosna 2015"]
[Site "Sarajevo"]
[Date "2015.06.03"]
[Round "7.20"]
[White "Burovic, Ismet"]
[Black "Peric, Bernard"]
[Result "1-0"]
[WhiteElo "2354"]
[BlackElo "2072"]
[PlyCount "117"]
[EventDate "2015.05.30"]

1. f4 d5 2. b3 c5 3. e3 Nc6 4. Bb2 Nf6 5. Nf3 e6 6. Be2 Be7 7. Ne5 O-O 8. O-O
Qc7 9. d3 b6 10. Nd2 Bb7 11. Qe1 Rad8 12. Qg3 Ne8 13. Qh3 d4 14. Nxc6 Bxc6 15.
e4 f5 16. Rae1 g6 17. exf5 exf5 18. Bf3 Bd6 19. Nc4 Nf6 20. c3 Nd5 21. Bxd5+
Bxd5 22. Nxd6 Qxd6 23. Re5 Bc6 24. Rfe1 Rde8 25. Qg3 a6 26. cxd4 cxd4 27. Qf2
Rxe5 28. fxe5 Qd5 29. Bxd4 Re8 30. Re2 Re6 31. h4 Re8 32. Qe3 Re6 33. Bxb6 f4
34. Qxf4 Qxd3 35. Rf2 Qf5 36. Qh6 g5 37. Rxf5 Rxh6 38. Rxg5+ Kf7 39. g3 Rg6 40.
Rxg6 Kxg6 41. Kf2 Kf5 42. Bc7 Ke4 43. e6 h5 44. e7 Be8 45. Ke2 Bf7 46. Kd2 Be8
47. Kc3 Kd5 48. Kb4 Kc6 49. Bd8 Bf7 50. Ka5 Kb7 51. a4 Be8 52. b4 Bd7 53. Bb6
Be8 54. Bc5 Bd7 55. g4 Be8 56. gxh5 Bxh5 57. b5 axb5 58. axb5 Be8 59. Kb4 1-0

[Event "45th IT Bosna 2015"]
[Site "Sarajevo"]
[Date "2015.06.03"]
[Round "7.21"]
[White "Kozarcanin, Sead"]
[Black "Sutkovic, Damir"]
[Result "0-1"]
[WhiteElo "2066"]
[BlackElo "2320"]
[PlyCount "86"]
[EventDate "2015.05.30"]

1. e4 b6 2. d4 Bb7 3. Nc3 e6 4. Nf3 h6 5. Bf4 d6 6. Bd3 Nd7 7. Qe2 a6 8. e5 d5
9. Nd1 c5 10. c3 Ne7 11. h4 Nc6 12. a3 b5 13. dxc5 Nxc5 14. Bc2 d4 15. Qf1 d3
16. Bb1 Nb3 17. Ra2 Nxe5 18. Bxe5 Bxf3 19. gxf3 d2+ 20. Ke2 Nc1+ 21. Ke3 Qd5
22. Bd4 O-O-O 23. Ra1 e5 24. Kxd2 Nb3+ 25. Ke2 exd4 26. Qh3+ Qe6+ 27. Qxe6+
fxe6 28. Ra2 Nc1+ 29. Kd2 Nxa2 30. Bxa2 e5 31. c4 b4 32. a4 Be7 33. h5 Rhf8 34.
Rh3 Rf4 35. Bb1 b3 36. Be4 Kc7 37. Bd5 Kd6 38. Bb7 a5 39. Kd3 Rh4 40. Rxh4 Bxh4
41. Bd5 Rf8 42. Be4 Rf4 43. Ke2 Bg5 0-1

[Event "45th IT Bosna 2015"]
[Site "Sarajevo"]
[Date "2015.06.03"]
[Round "7.22"]
[White "Kuzmanovic, Aleksa"]
[Black "Jusic, Zdenko"]
[Result "0-1"]
[WhiteElo "2062"]
[BlackElo "2283"]
[PlyCount "102"]
[EventDate "2015.05.30"]

1. d4 e6 2. c4 Bb4+ 3. Bd2 c5 4. Nf3 Nf6 5. g3 Qb6 6. Qb3 Nc6 7. dxc5 Qxc5 8.
a3 Ba5 9. Qd3 Ng4 10. e3 Nge5 11. Nxe5 Nxe5 12. Qe2 Qc6 13. e4 Bb6 14. f4 Ng4
15. Bg2 Qc5 16. h3 Qf2+ 17. Kd1 Qd4 18. Kc2 Ne3+ 19. Bxe3 Qxe3 20. Qxe3 Bxe3
21. Nc3 g5 22. Ne2 gxf4 23. gxf4 Rg8 24. Bf3 a5 25. b4 d6 26. Kd3 Bb6 27. Rhc1
Bd7 28. c5 Bb5+ 29. Ke3 Ba7 30. Nd4 Bd7 31. cxd6 Rg3 32. Rg1 e5 33. fxe5 Rg6
34. Bh5 Rc8 35. Bxg6 Rc3+ 36. Kf4 Bxd4 37. Bxh7 Be3+ 38. Kf3 Bxg1+ 39. Ke2 Bd4
40. Rd1 Bb5+ 41. Ke1 Rg3 42. Kd2 Rxa3 43. bxa5 Bc3+ 44. Ke3 Bxe5+ 45. Kf2 Bc6
46. Bf5 Rxa5 47. Ke2 Bd7 48. Bxd7+ Kxd7 49. Rf1 f6 50. Rb1 Ra2+ 51. Kd3 Rb2 0-1

[Event "45th IT Bosna 2015"]
[Site "Sarajevo"]
[Date "2015.06.03"]
[Round "7.23"]
[White "Omanovic, Vahidin"]
[Black "Mestrovic, Zvonimir"]
[Result "0-1"]
[WhiteElo "2013"]
[BlackElo "2278"]
[PlyCount "66"]
[EventDate "2015.05.30"]

1. e4 Nc6 2. Nf3 d6 3. Bb5 a6 4. Ba4 Nf6 5. Qe2 b5 6. Bb3 Bg4 7. c3 e6 8. d4
Be7 9. O-O O-O 10. Bc2 e5 11. Be3 Re8 12. d5 Nb8 13. a4 bxa4 14. Nbd2 Rf8 15.
Rxa4 Bd7 16. Ra2 Ng4 17. Bd3 Nxe3 18. fxe3 c6 19. Rfa1 cxd5 20. exd5 f5 21.
Bxa6 Qb6 22. Bc4 Rxa2 23. Rxa2 g5 24. Qf2 Kh8 25. Ne1 Be8 26. e4 Bd8 27. Qxb6
Bxb6+ 28. Kh1 fxe4 29. Ra8 Bg6 30. h3 Bf2 31. Ra1 Nd7 32. Be2 Nb6 33. c4 Bd4
0-1

[Event "45th IT Bosna 2015"]
[Site "Sarajevo"]
[Date "2015.06.03"]
[Round "7.24"]
[White "Bogdanovic, Rajko"]
[Black "Bucevac, Ljubisa"]
[Result "0-1"]
[WhiteElo "2268"]
[BlackElo "2031"]
[PlyCount "78"]
[EventDate "2015.05.30"]

1. e4 e5 2. Nf3 Nc6 3. Bb5 a6 4. Ba4 b5 5. Bb3 Na5 6. d4 Nxb3 7. axb3 exd4 8.
Qxd4 Ne7 9. Bg5 f6 10. Bf4 Nc6 11. Qe3 Be7 12. O-O O-O 13. Nc3 Nb4 14. Qd2 Bb7
15. Nd4 Re8 16. Nf5 Bf8 17. Rad1 d6 18. f3 Nc6 19. Nd5 Ne5 20. Rfe1 Rc8 21. Qf2
Qd7 22. Nde3 g6 23. Nd4 Qf7 24. Ne2 Ra8 25. Nd5 f5 26. Qh4 Bg7 27. Bg5 a5 28.
Nef4 a4 29. exf5 Qxf5 30. Nxc7 Nxf3+ 31. gxf3 Qc5+ 32. Kf1 Qxc7 33. Rxe8+ Rxe8
34. Nd5 Qxc2 35. Rd2 Qxb3 36. Ne7+ Rxe7 37. Bxe7 Qxf3+ 38. Qf2 Qh3+ 39. Kg1 Bh6
0-1

[Event "45th IT Bosna 2015"]
[Site "Sarajevo"]
[Date "2015.06.03"]
[Round "7.25"]
[White "Hadzovic, Amir"]
[Black "Pestek, Elvis"]
[Result "1-0"]
[WhiteElo "2218"]
[BlackElo "2035"]
[PlyCount "99"]
[EventDate "2015.05.30"]

1. e4 e6 2. Qe2 c5 3. Nf3 Nc6 4. g3 Nge7 5. Bg2 d5 6. e5 Qc7 7. O-O Nf5 8. c3
Be7 9. d3 Bd7 10. h4 h6 11. Re1 O-O-O 12. a3 Na5 13. Nbd2 c4 14. a4 Kb8 15. Bf1
Rc8 16. Nh2 Bc5 17. d4 Bb6 18. Bh3 Ne7 19. h5 Nec6 20. Qg4 Rhg8 21. Ndf3 Nb3
22. Ra3 Nxc1 23. Rxc1 Qd8 24. Qf4 Qe7 25. Ng4 Bc7 26. Qe3 Na5 27. Nd2 Qg5 28.
Qxg5 hxg5 29. h6 gxh6 30. Nf6 Rgd8 31. f4 Bc6 32. f5 exf5 33. Bxf5 Rh8 34. Bxc8
Kxc8 35. Rf1 Bd8 36. Raa1 Bxf6 37. Rxf6 Rh7 38. Raf1 Be8 39. Kg2 Kd8 40. Rh1 h5
41. g4 h4 42. Rf5 Rg7 43. Nf3 Bd7 44. Rxg5 Rxg5 45. Nxg5 Bxg4 46. Rxh4 Be6 47.
Nxe6+ fxe6 48. Rh7 a6 49. Kg3 b6 50. Kg4 1-0

[Event "45th IT Bosna 2015"]
[Site "Sarajevo"]
[Date "2015.06.03"]
[Round "7.26"]
[White "Hodzic, Nihad"]
[Black "Marinc, Damir"]
[Result "1-0"]
[WhiteElo "2210"]
[BlackElo "2021"]
[PlyCount "39"]
[EventDate "2015.05.30"]

1. d4 d5 2. c4 c6 3. Nc3 Nf6 4. e3 a6 5. Qc2 e6 6. Nf3 Nbd7 7. b3 Bb4 8. Bd2
O-O 9. Bd3 Re8 10. O-O g6 11. Nxd5 Nxd5 12. cxd5 Bxd2 13. dxc6 Ba5 14. cxd7
Bxd7 15. Ne5 Bc8 16. f4 f6 17. Bxg6 fxe5 18. Bxh7+ Kh8 19. fxe5 Rf8 20. Qg6 1-0

[Event "45th IT Bosna 2015"]
[Site "Sarajevo"]
[Date "2015.06.03"]
[Round "7.27"]
[White "Dedebas, Emre Emin"]
[Black "Pastar, Slaven"]
[Result "1-0"]
[WhiteElo "2036"]
[BlackElo "2194"]
[PlyCount "62"]
[EventDate "2015.05.30"]

1. d4 d5 2. c4 c6 3. Nf3 Nf6 4. Qc2 g6 5. e3 Bg7 6. Bd3 O-O 7. Nbd2 Nbd7 8. O-O
e5 9. dxe5 Ng4 10. cxd5 cxd5 11. b3 Ndxe5 12. Bb2 Qe7 13. Nxe5 Nxe5 14. Bxe5
Bxe5 15. Rac1 Bg4 16. Qc5 Qd7 17. Qb5 Qe7 18. Qc5 Qe6 19. Qb4 b6 20. Qb5 Rac8
21. Be2 Bf5 22. Nf3 Bb8 23. Nd4 Qd6 24. g3 Bd7 25. Qd3 h5 26. Bf3 h4 27. Rfd1
Rcd8 28. Qe2 Rfe8 29. a4 Qf6 30. Bxd5 hxg3 31. hxg3 Qg5 1-0

[Event "45th IT Bosna 2015"]
[Site "Sarajevo"]
[Date "2015.06.03"]
[Round "7.28"]
[White "Miladinovic, Zlatko"]
[Black "Zildzic, Kenan"]
[Result "1-0"]
[WhiteElo "2029"]
[BlackElo "2181"]
[PlyCount "115"]
[EventDate "2015.05.30"]

1. d4 Nf6 2. Nf3 g6 3. c4 Bg7 4. Nc3 O-O 5. g3 d6 6. Bg2 Nc6 7. O-O a6 8. b3
Rb8 9. Bb2 Bg4 10. h3 Bd7 11. e4 b5 12. cxb5 axb5 13. Re1 b4 14. Nb1 d5 15.
exd5 Nxd5 16. Nbd2 Nc3 17. Bxc3 bxc3 18. Ne4 Bf5 19. Nxc3 Nxd4 20. Nxd4 Bxd4
21. Rc1 Be6 22. Ne2 Bb6 23. Nf4 Qxd1 24. Rexd1 Rbd8 25. Nxe6 fxe6 26. Rxd8 Rxd8
27. Rc2 Kf7 28. Bc6 Kf6 29. Kg2 g5 30. Bb5 h5 31. b4 Rd4 32. Bc4 Rd1 33. a4 Rb1
34. a5 Bd4 35. b5 e5 36. Bd3 Ra1 37. b6 cxb6 38. axb6 Ra4 39. Be4 Rb4 40. b7
Ba7 41. f3 Bb8 42. Rc6+ Bd6 43. g4 Rb2+ 44. Kf1 hxg4 45. hxg4 Kg7 46. Rc8 Rb5
47. Ke2 Rb4 48. Kd3 Rd4+ 49. Kc2 Rb4 50. Kc3 Rb6 51. Kc4 Kf7 52. Bd5+ e6 53.
Bc6 Ke7 54. Rg8 Rb4+ 55. Kc3 Rb6 56. Rxg5 Kf7 57. Rh5 Bf8 58. Rh7+ 1-0

[Event "45th IT Bosna 2015"]
[Site "Sarajevo"]
[Date "2015.06.03"]
[Round "7.29"]
[White "Aleksic, Neven"]
[Black "Bucan, Eldin"]
[Result "1-0"]
[WhiteElo "2034"]
[BlackElo "2155"]
[PlyCount "102"]
[EventDate "2015.05.30"]

1. d4 Nf6 2. c4 c5 3. d5 b5 4. Nd2 g6 5. e4 d6 6. b3 Bg7 7. Bb2 bxc4 8. Bxc4
O-O 9. Ne2 e5 10. dxe6 fxe6 11. O-O d5 12. exd5 exd5 13. Bxf6 Bxf6 14. Ne4 dxc4
15. Nxf6+ Qxf6 16. Qd5+ Qe6 17. Qxa8 Nc6 18. Rad1 cxb3 19. axb3 g5 20. Ra1 Qd7
21. Rfd1 Qc7 22. Rd5 Be6 23. Rxg5+ Kf7 24. Qxf8+ Kxf8 25. Rxc5 Qb6 26. Rac1 Nb4
27. R5c3 Na2 28. Rf3+ Ke7 29. Rb1 a5 30. Re3 Kf7 31. Nf4 Bf5 32. Rbe1 Nb4 33.
Re7+ Kf6 34. h4 Qd6 35. Nh5+ Kg6 36. Ng3 Qd4 37. R7e5 Bc8 38. R1e4 Qa1+ 39. Re1
Qd4 40. R1e4 Qd1+ 41. Re1 Qxb3 42. Rxa5 Nd3 43. Rg5+ Kf7 44. Re3 h6 45. Ra5 Qc2
46. Ra7+ Kg6 47. h5+ Kg5 48. Re2 Qb1+ 49. Kh2 Ne5 50. f4+ Kg4 51. fxe5 Bb7 1-0

[Event "45th IT Bosna 2015"]
[Site "Sarajevo"]
[Date "2015.06.03"]
[Round "7.30"]
[White "Mrndjic, Armin"]
[Black "Cabric, Izet"]
[Result "0-1"]
[WhiteElo "2148"]
[BlackElo "1952"]
[PlyCount "116"]
[EventDate "2015.05.30"]

1. d4 Nf6 2. c4 c5 3. d5 g6 4. Nc3 Bg7 5. e4 d6 6. f4 O-O 7. Nf3 e6 8. Bd3 exd5
9. cxd5 a6 10. a4 Re8 11. O-O c4 12. Bc2 Nbd7 13. h3 Rb8 14. a5 b5 15. e5 dxe5
16. fxe5 Nh5 17. e6 fxe6 18. dxe6 Rxe6 19. Ng5 Qe7 20. Nxe6 Qxe6 21. Be4 Bb7
22. Bxb7 Rxb7 23. Qd5 Qxd5 24. Nxd5 Bd4+ 25. Be3 Bxb2 26. Rad1 Kg7 27. Nb4 Ng3
28. Rf2 Be5 29. Nxa6 Nf5 30. Rxf5 gxf5 31. Nb4 Nb8 32. a6 Nxa6 33. Nxa6 b4 34.
Nc5 Re7 35. Bg5 Re8 36. Nd7 b3 37. Nxe5 Rxe5 38. Bd2 Re2 39. Bc3+ Kf7 40. Rc1
Ke6 41. Kf1 Ra2 42. Re1+ Kd6 43. Re2 Ra7 44. Kf2 Kc6 45. Ke1 Kb5 46. Kd1 Rd7+
47. Rd2 Ra7 48. Kc1 f4 49. Rd5+ Kc6 50. Rd4 Kc5 51. Rxf4 Ra2 52. Bd4+ Kb4 53.
Bb2 Ra7 54. Kd2 Rd7+ 55. Rd4 Rf7 56. Bc3+ Ka3 57. Rd8 Rf2+ 58. Kc1 Rc2+ 0-1

[Event "45th IT Bosna 2015"]
[Site "Sarajevo"]
[Date "2015.06.03"]
[Round "7.31"]
[White "Strinic, Halid"]
[Black "Vujicic, Dragisa"]
[Result "1-0"]
[WhiteElo "2103"]
[BlackElo "1866"]
[PlyCount "83"]
[EventDate "2015.05.30"]

1. e4 e5 2. Nf3 Nc6 3. Bb5 a6 4. Bxc6 dxc6 5. d4 exd4 6. Qxd4 Qxd4 7. Nxd4 Bd7
8. Be3 O-O-O 9. Nd2 Re8 10. O-O Ne7 11. Rfe1 f6 12. a4 Ng6 13. N4b3 b6 14. a5
Kb7 15. f3 h5 16. Ra4 c5 17. Raa1 Ne5 18. Nc1 g5 19. Ne2 Bh6 20. Nc3 Bc6 21.
Kf2 Rd8 22. Rad1 Bg7 23. h4 gxh4 24. Ne2 Ng6 25. b3 Bh6 26. Bxh6 Rxh6 27. Nc4
Rxd1 28. Rxd1 b5 29. Ne3 Rh8 30. Nf5 b4 31. Ke3 Bb5 32. Nf4 Ne5 33. Rh1 Bd7 34.
Nxh4 Kc6 35. Nd5 Rh6 36. f4 Nf7 37. f5 Kb5 38. Ng6 Ne5 39. Nxc7+ Kxa5 40. Nxe5
fxe5 41. Ra1+ Kb6 42. Rxa6+ 1-0

[Event "45th IT Bosna 2015"]
[Site "Sarajevo"]
[Date "2015.06.03"]
[Round "7.32"]
[White "Sitnic, Adnan"]
[Black "Bjelopoljak, Salko"]
[Result "0-1"]
[WhiteElo "2014"]
[BlackElo "2084"]
[PlyCount "132"]
[EventDate "2015.05.30"]

1. e4 e5 2. Nc3 Nf6 3. Bc4 Bb4 4. Nf3 Nc6 5. O-O O-O 6. d3 Bxc3 7. bxc3 d5 8.
Bb5 Bg4 9. exd5 Nxd5 10. Bxc6 bxc6 11. c4 Nf6 12. h3 Bxf3 13. Qxf3 e4 14. Qf5
exd3 15. cxd3 Ne8 16. Ba3 Nd6 17. Qf3 Qd7 18. Rfe1 Rfe8 19. Rab1 h6 20. Bc5 a6
21. Re3 Rxe3 22. fxe3 f6 23. Rb3 Nf7 24. Qg3 Qc8 25. Bd4 Kh7 26. Qf3 Qd7 27. g4
Kh8 28. Kg2 Ng5 29. Qf5 Ne6 30. Ba7 Qe7 31. Rb7 Nd8 32. Bc5 Qf7 33. Ra7 Rxa7
34. Bxa7 Ne6 35. Qa5 Qd7 36. Qxa6 h5 37. Qa5 c5 38. Qb5 c6 39. Qb8+ Kh7 40. d4
hxg4 41. hxg4 cxd4 42. Bxd4 c5 43. Qb1+ Kg8 44. Bc3 Qc6+ 45. Kf2 Ng5 46. Ke2
Qg2+ 47. Kd1 Qxg4+ 48. Kc2 Qe2+ 49. Kb3 Qxe3 50. Qe1 Qf3 51. a4 Qb7+ 52. Ka3
Ne4 53. a5 Kf7 54. Qh1 Qc6 55. Qh5+ Ke7 56. Qh1 Kd7 57. Be1 Qe6 58. Qh7 Qxc4
59. Qxg7+ Kc6 60. Qa7 Qc1+ 61. Ka4 Qxe1 62. Qa8+ Kc7 63. Qa7+ Kd6 64. Qa6+ Ke5
65. Qc4 Qa1+ 66. Kb5 Nd6+ 0-1

[Event "45th IT Bosna 2015"]
[Site "Sarajevo"]
[Date "2015.06.03"]
[Round "7.34"]
[White "Delic, Jasmin"]
[Black "Petrovic, Marija"]
[Result "0-1"]
[WhiteElo "1987"]
[BlackElo "2049"]
[PlyCount "138"]
[EventDate "2015.05.30"]

1. e4 g6 2. d4 Bg7 3. Nf3 d6 4. c3 c6 5. Bd3 Nf6 6. O-O O-O 7. Nbd2 Nbd7 8. a4
e5 9. h3 Qe7 10. dxe5 Nxe5 11. Nxe5 dxe5 12. Qe2 Be6 13. Nf3 Nd7 14. Bc4 Nc5
15. b4 Nd7 16. Bg5 f6 17. Be3 Rfe8 18. Nd2 Bf8 19. Nb3 Qf7 20. Na5 b6 21. Bxe6
Qxe6 22. Nc4 Red8 23. Rfd1 Be7 24. Rd2 Nf8 25. Rad1 Kf7 26. Rxd8 Rxd8 27. Rxd8
Bxd8 28. Qd3 Bc7 29. f3 Qd7 30. Nb2 Qxd3 31. Nxd3 Ke6 32. Kf2 Nd7 33. c4 f5 34.
Ke2 Nf6 35. Nf2 h5 36. Kd3 f4 37. Bd2 Nd7 38. Ke2 g5 39. Nd3 Nf6 40. Nc1 Ne8
41. Nb3 Nd6 42. Kd3 Nb7 43. Be1 Bd6 44. Bd2 Kd7 45. a5 bxa5 46. bxa5 a6 47. Be1
Ba3 48. Bc3 Kd6 49. Ba1 Bb4 50. Bb2 Nxa5 51. c5+ Ke6 52. Nxa5 Bxa5 53. Kc4 Be1
54. Kb3 Bf2 55. Ba3 Kf6 56. Ka4 Be1 57. Bb4 Bf2 58. Ka5 g4 59. hxg4 hxg4 60.
Kxa6 Kg5 61. Kb6 Kh4 62. fxg4 Kxg4 63. Kxc6 Kg3 64. Kd6 Kxg2 65. Kxe5 f3 66.
Bd2 Bg3+ 67. Bf4 Bxf4+ 68. Kd4 f2 69. c6 f1=Q 0-1

[Event "45th IT Bosna 2015"]
[Site "Sarajevo"]
[Date "2015.06.03"]
[Round "7.35"]
[White "Osmanovic, Faruk"]
[Black "Colpa, Husein"]
[Result "1-0"]
[WhiteElo "2042"]
[BlackElo "1932"]
[PlyCount "101"]
[EventDate "2015.05.30"]

1. e4 c5 2. Nf3 d6 3. Bb5+ Bd7 4. Bxd7+ Nxd7 5. O-O Ngf6 6. Re1 Qc7 7. h3 g6 8.
d3 Bg7 9. Bf4 Nh5 10. Bc1 O-O 11. Nc3 e6 12. a4 a6 13. Bg5 f6 14. Bd2 Bh8 15.
Nh2 Ne5 16. f4 Nf7 17. f5 exf5 18. Nd5 Qd8 19. exf5 Ne5 20. Ng4 Bg7 21. Nh6+
Bxh6 22. Bxh6 Ng7 23. Bxg7 Kxg7 24. Nf4 Qb6 25. Ne6+ Kf7 26. a5 Qc6 27. Nxf8
Rxf8 28. c3 Qd5 29. d4 Nc6 30. fxg6+ hxg6 31. dxc5 Qxc5+ 32. Kh2 d5 33. Qf3 Rd8
34. Qf4 Qd6 35. Qxd6 Rxd6 36. Ra4 f5 37. g4 Kf6 38. gxf5 Ne5 39. Rf1 g5 40. Rb4
Rd7 41. Rb6+ Nc6 42. Rf2 Ke5 43. f6 Ke6 44. f7 Rxf7 45. Rxf7 Kxf7 46. Rxb7+ Kf8
47. b4 d4 48. cxd4 Nxd4 49. Rb6 Nc2 50. Rxa6 Nxb4 51. Rb6 1-0

[Event "45th IT Bosna 2015"]
[Site "Sarajevo"]
[Date "2015.06.03"]
[Round "7.36"]
[White "Alic, Amir"]
[Black "Medic, Nevenko"]
[Result "1-0"]
[WhiteElo "1964"]
[BlackElo "2038"]
[PlyCount "97"]
[EventDate "2015.05.30"]

1. d4 d5 2. c4 e6 3. Nc3 Nf6 4. cxd5 exd5 5. Bg5 Be7 6. e3 O-O 7. Bd3 c6 8.
Nge2 Re8 9. O-O Nh5 10. Bxe7 Qxe7 11. Re1 f5 12. Ng3 Nxg3 13. hxg3 Be6 14. Rb1
Nd7 15. b4 a6 16. a4 b5 17. Ne2 g6 18. a5 Rac8 19. Nf4 Bf7 20. Qd2 g5 21. Nh3
Qf6 22. Rbc1 Nf8 23. Rc3 Be6 24. Rec1 Bd7 25. Bf1 h6 26. f4 Re7 27. Nf2 Rce8
28. Nd3 Rxe3 29. Ne5 Rxc3 30. Qxc3 Rc8 31. Qc5 Be8 32. Qa7 gxf4 33. Qxa6 Rc7
34. Bxb5 fxg3 35. Nf3 Bh5 36. Rxc6 Qg7 37. Rxc7 Qxc7 38. Qc6 Qe7 39. Qxd5+ Bf7
40. Qe5 Qxb4 41. Qxg3+ Bg6 42. Qe5 Bh5 43. Bc6 Bxf3 44. Bxf3 Ng6 45. Bd5+ Kh7
46. Qc7+ Ne7 47. Kh2 Kh8 48. Qe5+ Kh7 49. a6 1-0

[Event "45th IT Bosna 2015"]
[Site "Sarajevo"]
[Date "2015.06.03"]
[Round "7.37"]
[White "Haskovic, Salih"]
[Black "Bryn, Askild"]
[Result "1-0"]
[WhiteElo "1942"]
[BlackElo "2071"]
[PlyCount "52"]
[EventDate "2015.05.30"]

1. e4 c6 2. d4 d5 3. exd5 cxd5 4. Nf3 Nf6 5. h3 Nc6 6. Bd3 e6 7. O-O Be7 8. a3
a6 9. c3 b5 10. Bg5 Bb7 11. Nbd2 Na5 12. Rb1 Rc8 13. Re1 h6 14. Bh4 Nc4 15. Ne5
g5 16. Bg3 Nxd2 17. Qxd2 Ne4 18. Qd1 Bd6 19. Qh5 Rc7 20. Kh2 Nf6 21. Qe2 Re7
22. Kh1 h5 23. a4 g4 24. h4 Rc7 25. Nxf7 Rxf7 26. Qxe6+ Be7 1-0

[Event "45th IT Bosna 2015"]
[Site "Sarajevo"]
[Date "2015.06.03"]
[Round "7.38"]
[White "Dedic, Nedzad"]
[Black "Zlobec, Srdjan"]
[Result "1-0"]
[WhiteElo "1927"]
[BlackElo "2061"]
[PlyCount "69"]
[EventDate "2015.05.30"]

1. e4 c5 2. Nf3 e6 3. d4 cxd4 4. Nxd4 a6 5. Be3 Nf6 6. Bd3 Nc6 7. O-O Qc7 8. f4
d6 9. c3 Be7 10. Nd2 O-O 11. h3 e5 12. N4f3 exf4 13. Bxf4 Ne5 14. Nb3 Be6 15.
Nfd4 Nxd3 16. Nxe6 Qb6+ 17. Ned4 Nxb2 18. Qf3 Nc4 19. Kh2 Nd7 20. Qg3 Bf6 21.
Nf5 Nde5 22. Rad1 Rad8 23. Kh1 Ng6 24. Bc1 Kh8 25. h4 Rde8 26. Rfe1 Ne7 27.
Nbd4 Nxf5 28. Nxf5 Re6 29. Bg5 Bxg5 30. Qxg5 Rg6 31. Qe7 Rg8 32. Re2 Ne5 33.
Nxd6 f6 34. Qxe5 h6 35. Nf7+ 1-0

[Event "45th IT Bosna 2015"]
[Site "Sarajevo"]
[Date "2015.06.03"]
[Round "7.39"]
[White "Okuyaz, Duru"]
[Black "Musovic, Sabrija"]
[Result "1-0"]
[WhiteElo "1835"]
[BlackElo "2043"]
[PlyCount "49"]
[EventDate "2015.05.30"]

1. e4 c5 2. Nf3 d6 3. Bb5+ Nd7 4. d4 Ngf6 5. Bxd7+ Bxd7 6. e5 Ne4 7. O-O dxe5
8. Nxe5 e6 9. Qf3 Nf6 10. dxc5 Qc8 11. Bg5 Be7 12. Rd1 Bc6 13. Nxc6 bxc6 14.
Nc3 Rb8 15. Bxf6 gxf6 16. Ne4 f5 17. Nd6+ Bxd6 18. Rxd6 Rg8 19. b3 Rb5 20.
Qxc6+ Qxc6 21. Rxc6 Kd7 22. Ra6 Rxc5 23. Rd1+ Ke7 24. Rxa7+ Kf6 25. c4 1-0

[Event "45th IT Bosna 2015"]
[Site "Sarajevo"]
[Date "2015.06.03"]
[Round "7.40"]
[White "Gavranovic, Tahir"]
[Black "Jelen, Darko"]
[Result "1-0"]
[WhiteElo "1889"]
[BlackElo "2039"]
[PlyCount "97"]
[EventDate "2015.05.30"]

1. e4 c5 2. c3 e6 3. Nf3 d5 4. Bb5+ Bd7 5. Bxd7+ Nxd7 6. exd5 exd5 7. O-O Bd6
8. d4 c4 9. Bg5 Ngf6 10. Re1+ Kf8 11. Ne5 Qc7 12. Nxd7+ Nxd7 13. Qh5 Kg8 14.
Nd2 h6 15. Be7 Nf8 16. Bxd6 Qxd6 17. Re5 Rd8 18. Rae1 Ng6 19. Rf5 Rd7 20. g3
Kh7 21. Nf3 Rf8 22. Re3 Kg8 23. Ne5 Nxe5 24. Rfxe5 Qc6 25. Qe2 a5 26. a3 b5 27.
Re7 Rb7 28. Rxb7 Qxb7 29. Re7 Qc6 30. Kg2 b4 31. axb4 axb4 32. Qe5 bxc3 33.
bxc3 Qb5 34. h4 Qa5 35. Qe3 Qb5 36. Qf3 Qc6 37. Qf5 g6 38. Qe5 h5 39. Rc7 Qa8
40. Re7 Qa3 41. Qe3 Qa8 42. g4 hxg4 43. h5 Qc6 44. Qg5 Qd6 45. Re5 Rd8 46. Qxg4
Qf6 47. hxg6 fxg6 48. Re6 Qf7 49. Rxg6+ 1-0

[Event "45th IT Bosna 2015"]
[Site "Sarajevo"]
[Date "2015.06.03"]
[Round "7.42"]
[White "Jovovic, Milan"]
[Black "Smaka, Faruk"]
[Result "1-0"]
[WhiteElo "1991"]
[BlackElo "1827"]
[PlyCount "39"]
[EventDate "2015.05.30"]

1. d4 d5 2. c4 e6 3. Nc3 Nf6 4. Bg5 Be7 5. e3 O-O 6. Nf3 a6 7. Rc1 c6 8. Bd3
Nbd7 9. O-O Re8 10. Qe2 Qa5 11. Rfd1 dxc4 12. Bxc4 Nd5 13. Bxe7 Nxc3 14. bxc3
Rxe7 15. e4 b5 16. Bd3 Bb7 17. e5 c5 18. Ng5 h6 19. Ne4 Bxe4 20. Qxe4 1-0

[Event "45th IT Bosna 2015"]
[Site "Sarajevo"]
[Date "2015.06.03"]
[Round "7.43"]
[White "Drino, Faris"]
[Black "Selimovic, Amir"]
[Result "0-1"]
[WhiteElo "1774"]
[BlackElo "1936"]
[PlyCount "88"]
[EventDate "2015.05.30"]

1. Nf3 d5 2. d4 Nf6 3. c4 c6 4. Nc3 a6 5. g3 g6 6. c5 Bg7 7. Bg2 O-O 8. O-O Ne4
9. Na4 Nd7 10. Ng5 Nxg5 11. Bxg5 f6 12. Bc1 e5 13. e4 dxe4 14. dxe5 f5 15. e6
Ne5 16. Nb6 Qxd1 17. Rxd1 Bxe6 18. Nxa8 Rxa8 19. Bf1 a5 20. Be2 Nf3+ 21. Bxf3
exf3 22. Bf4 a4 23. Re1 Kf7 24. Be5 Bxe5 25. Rxe5 Bd5 26. Re3 Ra5 27. Rc1 Rb5
28. b3 a3 29. Kf1 Be4 30. Ke1 Ke6 31. Kd2 Kd5 32. Rc4 Bb1 33. Rxf3 Bxa2 34.
Rd3+ Ke6 35. Kc2 Ra5 36. Rdc3 Bxb3+ 37. Kxb3 a2 38. Rc1 a1=Q 39. Rxa1 Rxa1 40.
Rh4 h5 41. Rd4 Rf1 42. Rd6+ Kf7 43. Rd7+ Kf6 44. Rxb7 Rb1+ 0-1